|
003 -Nazwa inst., której nr kontr. jest w polu 001 [,]
|
-
- @
- Nazwa instytucji, której n kontrolny jest w polu 001
- NUKAT
|
|
005 -DATA I CZAS OSTATNIEJ MODYFIKACJI [,]
|
-
- @
- pole kontrolne
- 20241231102012.0
|
|
020 -Międzynarod. znormalizowany nr książki - ISBN [ , ]
|
-
- a
- Numer ISBN
- 9788382236262
|
|
040 -Instytucja sporządzająca opis [ , ]
|
-
- a
- Instytucja, która sporządziła opis (NP)
- KAT U/DB
-
- b
- Język katalogowania
- pol
-
- e
- Zasady katalogowania
- rda
-
- c
- Instytucja, która sporządziła rekord (NP)
- KAT U/DBs
-
- d
- Instytucja, która zmodyfikowała rekord (P)
- KAT U/DB
-
- d
- Instytucja, która zmodyfikowała rekord (P)
- WA U/BAJ
-
- d
- Instytucja, która zmodyfikowała rekord (P)
- WR U/PAdml
|
|
942 -Rodzaj dokumentu [ , ]
|
-
- c
- Rodzaj dokumentu
- Książka
|
|
245 -Strefa tytułu i oznaczenia odpowiedzialności [0,0]
|
-
- a
- Tytuł
- Prawo o notariacie :
-
- b
- Ciąg dalszy tytułu (NP)
- komentarz : wzory aktów notarialnych i poświadczeń /
-
- c
- Pozostałe elementy strefy tytułu i oznaczenia odpowiedzialności (NP)
- redakcja naukowa Wojciech Gonet ; [autorzy] Dariusz Celiński, Wojciech Gonet, Wiktor Karpowicz, Witold Małecki, Piotr Marquardt, Przemysław Pest, Dariusz Sałajczyk, Rafał Wojciechowski, Maria Zarzycka, Patrycja Zawadzka.
|
|
246 -Wariant tytułu [3,0]
|
-
- a
- Tytuł (NP)
- Wzory aktów notarialnych i poświadczeń
|
|
250 -Strefa wydania [ , ]
|
-
- a
- Oznaczenie wydania (NP)
- Stan prawny na 15 maja 2022 r., z uwzględnieniem zmian wchodzących w życie 1 lipca 2022 r. (Dz.U. z 2021 r. poz. 1177) i 7 lipca 2022 r. (Dz.U. z 2022 r. poz. 1301).
|
|
260 -Strefa adresu wydawniczego [ , ]
|
-
- a
- Miejsce wydania (P)
- Warszawa :
-
- b
- Nazwa wydawcy (P)
- Wolters Kluwer,
-
|
|
700 -Hasło dodatkowe - nazwa osobowa [1, ]
|
-
- a
- Nazwa osobowa (NP)
- Gonet, Wojciech.
-
- e
- Określenie rodzaju współpracy
- Redakcja
-
- e
- Określenie rodzaju współpracy
- Autor
-
|
|
700 -Hasło dodatkowe - nazwa osobowa [1, ]
|
-
- a
- Nazwa osobowa (NP)
- Celiński, Dariusz.
-
- e
- Określenie rodzaju współpracy
- Autor
-
|
|
700 -Hasło dodatkowe - nazwa osobowa [1, ]
|
-
- a
- Nazwa osobowa (NP)
- Karpowicz, Wiktor.
-
- e
- Określenie rodzaju współpracy
- Autor
-
|
|
700 -Hasło dodatkowe - nazwa osobowa [1, ]
|
-
- a
- Nazwa osobowa (NP)
- Małecki, Witold
-
- c
- Dopowiedzenie inne niż daty biograficzne (NP)
- (prawo).
-
- e
- Określenie rodzaju współpracy
- Autor
-
|
|
700 -Hasło dodatkowe - nazwa osobowa [1, ]
|
-
- a
- Nazwa osobowa (NP)
- Marquardt, Piotr.
-
- e
- Określenie rodzaju współpracy
- Autor
-
|
|
700 -Hasło dodatkowe - nazwa osobowa [1, ]
|
-
- a
- Nazwa osobowa (NP)
- Pest, Przemysław.
-
- e
- Określenie rodzaju współpracy
- Autor
-
|
|
700 -Hasło dodatkowe - nazwa osobowa [1, ]
|
-
- a
- Nazwa osobowa (NP)
- Sałajczyk, Dariusz.
-
- e
- Określenie rodzaju współpracy
- Autor
-
|
|
700 -Hasło dodatkowe - nazwa osobowa [1, ]
|
-
- a
- Nazwa osobowa (NP)
- Wojciechowski, Rafał
-
- d
- Daty biograficzne (NP)
- (1969- ).
-
- e
- Określenie rodzaju współpracy
- Autor
-
|
|
700 -Hasło dodatkowe - nazwa osobowa [1, ]
|
-
- a
- Nazwa osobowa (NP)
- Zarzycka, Maria
-
- c
- Dopowiedzenie inne niż daty biograficzne (NP)
- (notariusz).
-
- e
- Określenie rodzaju współpracy
- Autor
-
|
|
700 -Hasło dodatkowe - nazwa osobowa [1, ]
|
-
- a
- Nazwa osobowa (NP)
- Zawadzka, Patrycja
-
- d
- Daty biograficzne (NP)
- (1978- ).
-
- e
- Określenie rodzaju współpracy
- Autor
-
|
|
710 -Hasło dodatkowe - nazwa ciała zbiorowego [2, ]
|
-
- a
- Nazwa ciała zbiorowego lub nazwa geograficzna jako pierwszy element (NP)
- Wolters Kluwer Polska.
-
- e
- Rodzaj współpracy
- Wydawca
-
-
|